[Event "Ruhrgebiet Regionalliga 1819"]
[Site "Nordrheinwestfalen"]
[Date "2019.02.10"]
[Round "7.1"]
[White "Loyen, Egbert"]
[Black "Bee, Marcus"]
[Result "1/2-1/2"]
[WhiteElo "2189"]
[BlackElo "2143"]
[PlyCount "26"]
[EventDate "2018.09.02"]
[EventType "team-tourn"]
[EventRounds "11"]
[EventCountry "GER"]
[SourceTitle "EXT 2022"]
[Source "ChessBase"]
[SourceDate "2021.10.06"]
[SourceVersion "1"]
[SourceVersionDate "2021.10.06"]
[SourceQuality "1"]
[WhiteTeam "Borbeck Weisse Dame"]
[BlackTeam "Essen Katernberg II"]
[WhiteTeamCountry "GER"]
[BlackTeamCountry "GER"]

1. Nf3 c5 2. e4 d6 3. Bb5+ Bd7 4. Bxd7+ Qxd7 5. 0-0 Nc6 6. c3 d5 7. exd5 Qxd5 8. d4 e6 9. Qa4 Nf6 10. c4 Qd7 11. dxc5 Bxc5 12. Rd1 Qc7 13. Qb5 Qb6 1/2-1/2

[Event "Ruhrgebiet Regionalliga 1819"]
[Site "Nordrheinwestfalen"]
[Date "2019.01.27"]
[Round "6.1"]
[White "Krueger, Andre"]
[Black "Loyen, Egbert"]
[Result "1/2-1/2"]
[WhiteElo "1946"]
[BlackElo "2189"]
[PlyCount "59"]
[EventDate "2018.09.02"]
[EventType "team-tourn"]
[EventRounds "11"]
[EventCountry "GER"]
[SourceTitle "EXT 2022"]
[Source "ChessBase"]
[SourceDate "2021.10.06"]
[SourceVersion "1"]
[SourceVersionDate "2021.10.06"]
[SourceQuality "1"]
[WhiteTeam "Oberhausen SV II"]
[BlackTeam "Borbeck Weisse Dame"]
[WhiteTeamCountry "GER"]
[BlackTeamCountry "GER"]

1. e4 c5 2. Nf3 Nc6 3. d4 cxd4 4. Nxd4 Qc7 5. Nc3 e6 6. g3 a6 7. Bg2 Nf6 8. 0-0 Be7 9. Re1 0-0 10. Nxc6 bxc6 11. e5 Nd5 12. Nxd5 cxd5 13. b3 Rb8 14. Bb2 a5 15. c4 dxc4 16. Rc1 Ba6 17. Bf1 Qc6 18. Bxc4 Bb7 19. f3 Qxf3 20. Qxf3 Bxf3 21. Kf2 Bc6 22. Red1 f6 23. Bxe6+ dxe6 24. Rxc6 fxe5+ 25. Ke2 a4 26. Bxe5 Ra8 27. Rxe6 Rfe8 28. Bd6 axb3 29. axb3 Bxd6 30. Rdxd6 1/2-1/2

[Event "Ruhrgebiet Regionalliga 1617"]
[Site "Germany"]
[Date "2016.11.06"]
[Round "3.1"]
[White "Fluechter, Gregor"]
[Black "Loyen, Egbert"]
[Result "1/2-1/2"]
[WhiteElo "2138"]
[BlackElo "2156"]
[PlyCount "41"]
[EventDate "2016.09.11"]
[EventType "team-tourn"]
[EventRounds "9"]
[EventCountry "GER"]
[SourceTitle "EXT 2022"]
[Source "ChessBase"]
[SourceDate "2021.10.06"]
[SourceVersion "1"]
[SourceVersionDate "2021.10.06"]
[SourceQuality "1"]
[WhiteTeam "Brackel SF"]
[BlackTeam "Borbeck Weisse Dame"]
[WhiteTeamCountry "GER"]
[BlackTeamCountry "GER"]

1. e4 c5 2. f4 e6 3. Nf3 d5 4. Bb5+ Bd7 5. Bxd7+ Qxd7 6. Ne5 Qc7 7. exd5 exd5 8. Nc3 Nf6 9. Qf3 Qd6 10. Qe2 Be7 11. Qb5+ Nbd7 12. Qxb7 Rb8 13. Qc6 d4 14. Ne2 0-0 15. Qxd6 Bxd6 16. Nxd7 Nxd7 17. 0-0 Rfe8 18. Ng3 Nf6 19. d3 h5 20. b3 g6 21. h4 1/2-1/2

[Event "Ruhrgebiet Regionalliga 1516"]
[Site "Germany"]
[Date "2016.05.01"]
[Round "9.1"]
[White "Loyen, Egbert"]
[Black "Ueter, Heinz Dieter"]
[Result "1/2-1/2"]
[WhiteElo "2185"]
[BlackElo "2107"]
[PlyCount "51"]
[EventDate "2015.09.13"]
[EventType "team-tourn"]
[EventRounds "9"]
[EventCountry "GER"]
[SourceTitle "EXT 2022"]
[Source "ChessBase"]
[SourceDate "2021.10.06"]
[SourceVersion "1"]
[SourceVersionDate "2021.10.06"]
[SourceQuality "1"]
[WhiteTeam "Borbeck Weisse Dame"]
[BlackTeam "Ahlen SV"]
[WhiteTeamCountry "GER"]
[BlackTeamCountry "GER"]

1. Nf3 g6 2. e4 Bg7 3. d4 d6 4. Nc3 a6 5. Be3 b5 6. a4 b4 7. Nd5 a5 8. c3 e6 9. Nf4 bxc3 10. bxc3 Nf6 11. Bd3 0-0 12. 0-0 Nbd7 13. h3 Bb7 14. Qc2 c5 15. Nd2 Qc7 16. Rfc1 Rfc8 17. Qa2 Rab8 18. f3 e5 19. Ne2 d5 20. Rab1 c4 21. Bc2 dxe4 22. fxe4 Ne8 23. d5 Nd6 24. Ng3 Rf8 25. Rf1 f6 26. Rb2 1/2-1/2

[Event "Ruhrgebiet Regionalliga 1516"]
[Site "Germany"]
[Date "2016.03.13"]
[Round "7.1"]
[White "Schreck, Roland"]
[Black "Loyen, Egbert"]
[Result "0-1"]
[WhiteElo "2150"]
[BlackElo "2185"]
[PlyCount "28"]
[EventDate "2015.09.13"]
[EventType "team-tourn"]
[EventRounds "9"]
[EventCountry "GER"]
[SourceTitle "EXT 2022"]
[Source "ChessBase"]
[SourceDate "2021.10.06"]
[SourceVersion "1"]
[SourceVersionDate "2021.10.06"]
[SourceQuality "1"]
[WhiteTeam "Bochum-Linden"]
[BlackTeam "Borbeck Weisse Dame"]
[WhiteTeamCountry "GER"]
[BlackTeamCountry "GER"]

1. b3 e5 2. Bb2 Nc6 3. e3 Nf6 4. Bb5 Bd6 5. Na3 a6 6. Be2 Be7 7. c4 0-0 8. Nc2 Re8 9. Nf3 Bf8 10. d4 e4 11. Ne5 Nb4 12. Ng4 Nxg4 13. Bxg4 Nd3+ 14. Kf1 Nxb2 0-1

[Event "Ruhrgebiet Regionalliga 1516"]
[Site "Germany"]
[Date "2016.01.17"]
[Round "5.1"]
[White "Zatonskih, Anna"]
[Black "Loyen, Egbert"]
[Result "1-0"]
[WhiteElo "2478"]
[BlackElo "2185"]
[PlyCount "65"]
[EventDate "2015.09.13"]
[EventType "team-tourn"]
[EventRounds "9"]
[EventCountry "GER"]
[SourceTitle "EXT 2022"]
[Source "ChessBase"]
[SourceDate "2021.10.06"]
[SourceVersion "1"]
[SourceVersionDate "2021.10.06"]
[SourceQuality "1"]
[WhiteTeam "Bochum SV"]
[BlackTeam "Borbeck Weisse Dame"]
[WhiteTeamCountry "GER"]
[BlackTeamCountry "GER"]

1. d4 e6 2. e4 d5 3. e5 c5 4. c3 Nc6 5. Nf3 Bd7 6. Be2 f6 7. 0-0 fxe5 8. dxe5 Qc7 9. Re1 Nh6 10. Bd3 0-0-0 11. Qe2 Be7 12. Bg5 Nf7 13. Bxe7 Nxe7 14. b4 c4 15. Bc2 g5 16. Nbd2 Rdg8 17. Nd4 g4 18. Qe3 Nc6 19. f4 Nxd4 20. Qxd4 Qb6 21. Qxb6 axb6 22. Nf1 Kc7 23. Ng3 Ra8 24. a4 Nd8 25. b5 Be8 26. Ne2 Bg6 27. f5 Bf7 28. Nf4 Kd7 29. Rad1 Ke7 30. Kf2 Rg8 31. f6+ Kd7 32. Bxh7 Rg5 33. Kg3 1-0

[Event "Ruhrgebiet Regionalliga 1516"]
[Site "Germany"]
[Date "2015.11.15"]
[Round "3.1"]
[White "Hausrath, Daniel"]
[Black "Loyen, Egbert"]
[Result "1-0"]
[WhiteElo "2462"]
[BlackElo "2185"]
[PlyCount "59"]
[EventDate "2015.09.13"]
[EventType "team-tourn"]
[EventRounds "9"]
[EventCountry "GER"]
[SourceTitle "EXT 2022"]
[Source "ChessBase"]
[SourceDate "2021.10.06"]
[SourceVersion "1"]
[SourceVersionDate "2021.10.06"]
[SourceQuality "1"]
[WhiteTeam "Muelheim Nord III"]
[BlackTeam "Borbeck Weisse Dame"]
[WhiteTeamCountry "GER"]
[BlackTeamCountry "GER"]

1. Nf3 d6 2. d4 g6 3. e4 Nf6 4. Nc3 c6 5. Bf4 Nbd7 6. Qd2 Qa5 7. e5 dxe5 8. Nxe5 Nxe5 9. Bxe5 Be6 10. Bd3 Bg7 11. 0-0 0-0 12. a3 Ng4 13. b4 Qd8 14. Bxg7 Kxg7 15. h3 Nh6 16. Ne2 Qd6 17. Rae1 Rfe8 18. Ng3 Ng8 19. c3 a5 20. Ne4 Qc7 21. Ng5 Bc8 22. Bc4 Nh6 23. Re4 axb4 24. Rh4 Rh8 25. Rxh6 bxc3 26. Qe3 b5 27. Bxf7 Rxa3 28. Be6 Kxh6 29. Bxc8 Qxc8 30. Ne6+ 1-0

[Event "Ruhrgebiet Regionalliga 1415"]
[Site "Germany"]
[Date "2014.11.23"]
[Round "3.1"]
[White "Loyen, Egbert"]
[Black "Frombach, Ralf"]
[Result "1-0"]
[WhiteElo "2192"]
[BlackElo "2165"]
[PlyCount "71"]
[EventDate "2014.09.28"]
[EventType "team-tourn"]
[EventRounds "9"]
[EventCountry "GER"]
[SourceTitle "EXT 2022"]
[Source "ChessBase"]
[SourceDate "2021.10.06"]
[SourceVersion "1"]
[SourceVersionDate "2021.10.06"]
[SourceQuality "1"]
[WhiteTeam "Borbeck Weisse Dame"]
[BlackTeam "Hamm Koenigsspringer"]
[WhiteTeamCountry "GER"]
[BlackTeamCountry "GER"]

1. Nf3 Nf6 2. g3 g6 3. Bg2 Bg7 4. 0-0 0-0 5. d3 d5 6. c3 c5 7. Nbd2 d4 8. cxd4 cxd4 9. Nb3 Nc6 10. a4 a5 11. Nfd2 Nd5 12. Nc4 Nb6 13. Bg5 Nxc4 14. dxc4 h6 15. Bd2 d3 16. Bc3 Bxc3 17. bxc3 dxe2 18. Qxe2 Qb6 19. Rab1 Bf5 20. c5 Qa7 21. Rb2 Rad8 22. Rc1 Rd7 23. Qb5 Rfd8 24. Nd4 Nxd4 25. cxd4 Rxd4 26. Bxb7 Bh3 27. Bf3 Rd3 28. Be2 R3d5 29. Rb3 Rc8 30. g4 Rdxc5 31. Rxc5 Rxc5 32. Qe8+ Kg7 33. Rxh3 Qb7 34. Rf3 e6 35. Qd8 h5 36. Qd4+ 1-0

[Event "Ruhrgebiet Regionalliga 1314"]
[Site "Ruhrgebiet"]
[Date "2014.02.09"]
[Round "6.1"]
[White "Topolewski, Dirk"]
[Black "Loyen, Egbert"]
[Result "1/2-1/2"]
[WhiteElo "2148"]
[BlackElo "2198"]
[PlyCount "56"]
[EventDate "2013.09.22"]
[EventType "team-tourn"]
[EventRounds "9"]
[EventCountry "GER"]
[SourceTitle "EXT 2024"]
[Source "ChessBase"]
[SourceDate "2023.10.10"]
[SourceVersion "1"]
[SourceVersionDate "2023.10.10"]
[SourceQuality "1"]
[WhiteTeam "Gerthe Werne"]
[BlackTeam "Borbeck Weisse Dame"]
[WhiteTeamCountry "GER"]
[BlackTeamCountry "GER"]

1. e4 c5 2. c3 e6 3. d4 d5 4. exd5 exd5 5. Nf3 Nc6 6. Bb5 Bd6 7. dxc5 Bxc5 8. 0-0 Nge7 9. Nbd2 0-0 10. Nb3 Bb6 11. Re1 Bg4 12. Be3 Bc7 13. h3 Bh5 14. Bc5 Bd6 15. Bxd6 Qxd6 16. Be2 Rfd8 17. Nfd4 Bxe2 18. Qxe2 Ng6 19. g3 Rac8 20. Rad1 Qd7 21. Kg2 Nce5 22. Nf3 Nc4 23. Nbd4 h6 24. Qc2 b5 25. Ne2 b4 26. Qb1 bxc3 27. Nxc3 Qb7 28. Na4 Re8 1/2-1/2

[Event "Ruhrgebiet Regionalliga 1213"]
[Site "Nordrheinwestfalen"]
[Date "2013.04.14"]
[Round "8.1"]
[White "Loyen, Egbert"]
[Black "Kummerow, Heiko"]
[Result "1/2-1/2"]
[WhiteElo "2164"]
[BlackElo "2262"]
[PlyCount "33"]
[EventDate "2012.09.09"]
[EventType "team-tourn"]
[EventRounds "9"]
[EventCountry "GER"]
[SourceTitle "EXT 2020"]
[Source "ChessBase"]
[SourceDate "2019.10.17"]
[SourceVersion "1"]
[SourceVersionDate "2019.10.17"]
[SourceQuality "1"]
[WhiteTeam "Weisse Dame Borbeck"]
[BlackTeam "Recklinghausen Laeufer Ost"]
[WhiteTeamCountry "GER"]
[BlackTeamCountry "GER"]

1. Nf3 Nf6 2. d4 g6 3. Nc3 d5 4. Bf4 Bg7 5. e3 0-0 6. h3 c5 7. Be2 Nc6 8. 0-0 Ne4 9. dxc5 Nxc3 10. bxc3 Qa5 11. Qxd5 Be6 12. Qg5 Qxc3 13. Bd3 Rac8 14. Rab1 Bxa2 15. Rxb7 e5 16. Bg3 Qxc5 17. Rb5 1/2-1/2

[Event "Ruhrgebiet Regionalliga 1213"]
[Site "Nordrheinwestfalen"]
[Date "2012.11.04"]
[Round "3.1"]
[White "Loyen, Egbert"]
[Black "Ueter, Heinz Dieter"]
[Result "1/2-1/2"]
[WhiteElo "2164"]
[BlackElo "2181"]
[PlyCount "73"]
[EventDate "2012.09.09"]
[EventType "team-tourn"]
[EventRounds "9"]
[EventCountry "GER"]
[SourceTitle "EXT 2020"]
[Source "ChessBase"]
[SourceDate "2019.10.17"]
[SourceVersion "1"]
[SourceVersionDate "2019.10.17"]
[SourceQuality "1"]
[WhiteTeam "Weisse Dame Borbeck"]
[BlackTeam "Ahlen SV"]
[WhiteTeamCountry "GER"]
[BlackTeamCountry "GER"]

1. Nf3 g6 2. e4 d6 3. d4 a6 4. a4 b6 5. Nc3 Bb7 6. h4 h6 7. Bc4 e6 8. Qe2 Bg7 9. Bb3 Ne7 10. Be3 Nd7 11. 0-0-0 Nf6 12. Nd2 d5 13. f3 Qc8 14. a5 b5 15. g4 b4 16. Na4 dxe4 17. fxe4 Nxe4 18. Nxe4 Bxe4 19. Rhf1 Bd5 20. Nc5 Bxb3 21. Nxb3 Nd5 22. Bf4 0-0 23. Be5 Qd8 24. Bxg7 Kxg7 25. Qe5+ Kg8 26. g5 Qd6 27. Qe1 h5 28. Rd3 Rab8 29. Nc5 Rb5 30. Rdf3 Rxa5 31. Kb1 Rxc5 32. dxc5 Qxc5 33. Rxf7 Rxf7 34. Qxe6 Qe7 35. Qxd5 Qd7 36. Qc4 a5 37. Rf6 1/2-1/2

[Event "Ruhrgebiet Verbandsliga2 1112"]
[Site "Nordrheinwestfalen"]
[Date "2012.03.04"]
[Round "7.1"]
[White "Kummerow, Heiko"]
[Black "Loyen, Egbert"]
[Result "1/2-1/2"]
[WhiteElo "2287"]
[BlackElo "2129"]
[PlyCount "33"]
[EventDate "2011.09.18"]
[EventType "team-tourn"]
[EventRounds "9"]
[EventCountry "GER"]
[SourceTitle "EXT 2020"]
[Source "ChessBase"]
[SourceDate "2019.10.17"]
[SourceVersion "1"]
[SourceVersionDate "2019.10.17"]
[SourceQuality "1"]
[WhiteTeam "Recklinghausen Laeufer Ost"]
[BlackTeam "Weisse Dame Borbeck"]
[WhiteTeamCountry "GER"]
[BlackTeamCountry "GER"]

1. e4 e6 2. d4 d5 3. exd5 exd5 4. Nf3 Nc6 5. Bb5 Bd6 6. c4 dxc4 7. d5 a6 8. Ba4 b5 9. dxc6 bxa4 10. Qxa4 Ne7 11. 0-0 Rb8 12. Qxc4 0-0 13. Bg5 Rxb2 14. Nc3 Be6 15. Qxa6 Qa8 16. Qxa8 Rxa8 17. Ne4 1/2-1/2

[Event "Ruhrgebiet Regionalliga 1011"]
[Site "Nordrheinwestfalen"]
[Date "2011.03.06"]
[Round "7.1"]
[White "Zelbel, Patrick"]
[Black "Loyen, Egbert"]
[Result "1-0"]
[WhiteElo "2407"]
[BlackElo "2107"]
[PlyCount "137"]
[EventDate "2010.09.19"]
[EventType "team-tourn"]
[EventRounds "9"]
[EventCountry "GER"]
[SourceTitle "EXT 2020"]
[Source "ChessBase"]
[SourceDate "2019.10.17"]
[SourceVersion "1"]
[SourceVersionDate "2019.10.17"]
[SourceQuality "1"]
[WhiteTeam "Brackel SF"]
[BlackTeam "Weisse Dame Borbeck"]
[WhiteTeamCountry "GER"]
[BlackTeamCountry "GER"]

1. e4 e6 2. d4 d5 3. Nd2 Be7 4. Bd3 c5 5. dxc5 Nf6 6. Qe2 0-0 7. Ngf3 a5 8. 0-0 Na6 9. e5 Nd7 10. c4 Ndxc5 11. Bb1 Nb4 12. Rd1 Qb6 13. b3 Rd8 14. Bb2 Bd7 15. Nd4 Be8 16. cxd5 Rxd5 17. Nc4 Qc7 18. a3 Nba6 19. Qc2 g6 20. Qc3 b6 21. Bc2 Rc8 22. Rac1 Qb8 23. Qg3 Rcd8 24. h4 Qc7 25. Qf4 f6 26. Re1 b5 27. Ne3 fxe5 28. Nxd5 Rxd5 29. Nxe6 Nxe6 30. Qg4 Qd6 31. Be4 Nac5 32. Bxd5 Qxd5 33. Rxe5 Qxb3 34. Rcxc5 Bxc5 35. Qxe6+ Qxe6 36. Rxe6 Kf7 37. Re5 Bd6 38. Re3 b4 39. axb4 axb4 40. Kf1 Bc6 41. g3 Be7 42. Ke2 h5 43. Bd4 Bd5 44. Kd2 b3 45. Re5 Bc4 46. Kc3 Be6 47. Rb5 Ba3 48. Rb7+ Ke8 49. Kd3 Bd6 50. Ke4 Kd8 51. Bb2 Bc7 52. Be5 Ba5 53. Rg7 Bf5+ 54. Kd5 Be1 55. Rb7 Bc2 56. Ke6 Bf5+ 57. Kd6 Ke8 58. Bd4 Bd2 59. Rxb3 Bh6 60. Rb8+ Kf7 61. Rb7+ Kg8 62. Bf6 Bc1 63. Bg5 Ba3+ 64. Ke5 Kf8 65. Kf6 Ke8 66. Be3 Bd6 67. Bd4 Be4 68. Rg7 Kf8 69. Rd7 1-0

[Event "Ruhrgebiet Regionalliga 0910"]
[Site "Germany"]
[Date "2010.05.02"]
[Round "9.1"]
[White "Loyen, Egbert"]
[Black "Koehn, Peter"]
[Result "1/2-1/2"]
[WhiteElo "2141"]
[BlackElo "2276"]
[PlyCount "93"]
[EventDate "2009.09.06"]
[EventType "team-tourn"]
[EventRounds "9"]
[EventCountry "GER"]
[SourceTitle "EXT 2011"]
[Source "ChessBase"]
[SourceDate "2010.11.26"]
[SourceVersion "1"]
[SourceVersionDate "2010.11.26"]
[SourceQuality "1"]
[WhiteTeam "Borbeck Weisse Dame"]
[BlackTeam "Wattenscheid III"]
[WhiteTeamCountry "GER"]
[BlackTeamCountry "GER"]

1. Nf3 Nf6 2. g3 g6 3. Bg2 Bg7 4. 0-0 0-0 5. d3 c5 6. e4 Nc6 7. Nc3 Rb8 8. Bg5 h6 9. Be3 d6 10. h3 b5 11. Qd2 Kh7 12. a3 a5 13. Rfe1 b4 14. axb4 axb4 15. Nd1 Qc7 16. g4 Bb7 17. g5 hxg5 18. Nxg5+ Kg8 19. f4 Nd4 20. Qf2 b3 21. cxb3 Bc6 22. Bxd4 cxd4 23. Rc1 e5 24. fxe5 dxe5 25. Qh4 Rfc8 26. Rf1 Qd8 27. Nf2 Be8 28. Rxc8 Rxc8 29. Bf3 Rc6 30. Bd1 Nh5 31. Ng4 f6 32. Nf3 g5 33. Qe1 Nf4 34. Qd2 Nxh3+ 35. Kh1 Nf4 36. b4 Bf7 37. Rg1 Be6 38. b5 Rc7 39. Ngxe5 fxe5 40. Nxg5 Kf8 41. Qxf4+ exf4 42. Nxe6+ Ke7 43. Nxd8 Kxd8 44. Bb3 Be5 45. Rg8+ Ke7 46. Kg2 Rc1 47. Kf3 1/2-1/2

[Event "Ruhrgebiet Regionalliga 0910"]
[Site "Germany"]
[Date "2010.02.07"]
[Round "6.1"]
[White "Kemna, Guido"]
[Black "Loyen, Egbert"]
[Result "1/2-1/2"]
[WhiteElo "2233"]
[BlackElo "2141"]
[PlyCount "141"]
[EventDate "2009.09.06"]
[EventType "team-tourn"]
[EventRounds "9"]
[EventCountry "GER"]
[SourceTitle "EXT 2011"]
[Source "ChessBase"]
[SourceDate "2010.11.26"]
[SourceVersion "1"]
[SourceVersionDate "2010.11.26"]
[SourceQuality "1"]
[WhiteTeam "Welper SV"]
[BlackTeam "Borbeck Weisse Dame"]
[WhiteTeamCountry "GER"]
[BlackTeamCountry "GER"]

1. e4 e6 2. d4 d5 3. Be3 dxe4 4. Nd2 Nf6 5. c3 Nbd7 6. Qc2 b6 7. Nxe4 Bb7 8. Bd3 Be7 9. Nf3 Nxe4 10. Bxe4 Bxe4 11. Qxe4 0-0 12. 0-0-0 Nf6 13. Qc2 Qd5 14. Kb1 Rac8 15. Rhg1 Rfd8 16. Ka1 b5 17. Qe2 Rd6 18. b3 Ra6 19. Qc2 Ne4 20. Nd2 Nxd2 21. Rxd2 Rc6 22. Qd3 Bf6 23. g4 g6 24. f4 a5 25. f5 exf5 26. gxf5 Bg7 27. fxg6 Rxg6 28. Rf1 Re8 29. Rf5 Qh1+ 30. Kb2 c6 31. Rdf2 Rg2 32. Qd2 Rxf2 33. Rxf2 Re6 34. Bf4 Qe4 35. Be5 Bxe5 36. dxe5 Qxe5 37. Qd8+ Kg7 38. Qxa5 Qe3 39. Rc2 f5 40. Qc7+ Kh6 41. Qf7 Qe5 42. Qf8+ Kh5 43. Rf2 Rf6 44. Qg7 h6 45. a3 f4 46. Qg2 Qg5 47. Qf1 Qf5 48. Rf3 Kg6 49. Qf2 Qe4 50. Qg2+ Kf7 51. Qf2 Ke6 52. Qf1 Ke5 53. Rf2 f3 54. Qh3 Qe3 55. Qg3+ Ke4 56. Qg4+ Qf4 57. Qd7 Qd6 58. Qg4+ Rf4 59. Qg1 h5 60. Qe1+ Kf5 61. Qb1+ Kf6 62. Qh7 Rf5 63. Qh6+ Ke7 64. Qe3+ Kd7 65. a4 bxa4 66. bxa4 c5 67. Rxf3 Qxh2+ 68. Ka3 Rxf3 69. Qxf3 Qd6 70. Qf5+ Kc6 71. Qe4+ 1/2-1/2

[Event "Ruhrgebiet Regionalliga 0910"]
[Site "Germany"]
[Date "2009.09.06"]
[Round "1.1"]
[White "Podzielny, Karl Heinz"]
[Black "Loyen, Egbert"]
[Result "1-0"]
[WhiteElo "2451"]
[BlackElo "2141"]
[PlyCount "79"]
[EventDate "2009.09.06"]
[EventType "team-tourn"]
[EventRounds "9"]
[EventCountry "GER"]
[SourceTitle "EXT 2011"]
[Source "ChessBase"]
[SourceDate "2010.11.26"]
[SourceVersion "1"]
[SourceVersionDate "2010.11.26"]
[SourceQuality "1"]
[WhiteTeam "Essen Ueberruhr"]
[BlackTeam "Borbeck Weisse Dame"]
[WhiteTeamCountry "GER"]
[BlackTeamCountry "GER"]

1. d4 Nf6 2. Nf3 g6 3. c4 Bg7 4. Nc3 0-0 5. e4 d6 6. Be2 e5 7. 0-0 Na6 8. Bg5 Qe8 9. Bxf6 Bxf6 10. c5 exd4 11. Nd5 Bd8 12. Bxa6 bxa6 13. cxd6 cxd6 14. Qxd4 Bg4 15. Rac1 Rc8 16. Rxc8 Bxc8 17. Rc1 Be6 18. b3 Qb5 19. Nf6+ Bxf6 20. Qxf6 Qd3 21. Qf4 Rc8 22. Re1 a5 23. h4 Rc5 24. Qf6 h6 25. Qd8+ Kg7 26. e5 d5 27. Qe7 Rc2 28. Qxa7 Qc3 29. Re3 Rc1+ 30. Kh2 Qc5 31. Qxc5 Rxc5 32. Nd4 Rc1 33. Rd3 Kf8 34. f4 Ke8 35. h5 Kd7 36. hxg6 fxg6 37. Rg3 Bf7 38. f5 gxf5 39. Rg7 Ke8 40. e6 1-0

[Event "Ruhrgebiet Regionalliga 0708"]
[Site "Germany"]
[Date "2008.04.13"]
[Round "8.5"]
[White "Loyen, Egbert"]
[Black "Wagner, Ralf"]
[Result "1-0"]
[WhiteElo "2082"]
[BlackElo "2084"]
[PlyCount "87"]
[EventDate "2007.09.16"]
[EventType "team"]
[EventRounds "9"]
[EventCountry "GER"]
[SourceTitle "EXT 2009"]
[Source "ChessBase"]
[SourceDate "2008.11.26"]
[SourceVersion "1"]
[SourceVersionDate "2008.11.26"]
[SourceQuality "1"]
[WhiteTeam "Essen Borbeck"]
[BlackTeam "Ahlen"]
[WhiteTeamCountry "GER"]
[BlackTeamCountry "GER"]

1. Nf3 d5 2. c4 c6 3. e3 Nf6 4. d4 Bg4 5. h3 Bf5 6. Nc3 e6 7. Qb3 Qc7 8. Bd2 Nbd7 9. Rc1 Qb8 10. Be2 Be7 11. g4 Bg6 12. cxd5 Nxd5 13. Nxd5 exd5 14. Bb4 Bd8 15. a4 Be4 16. Rg1 a5 17. Bc3 Bxf3 18. Bxf3 0-0 19. g5 Re8 20. Rg2 Nb6 21. Be2 Qc8 22. Bg4 Qc7 23. h4 Nc4 24. Bd2 b5 25. axb5 Rb8 26. Rxc4 dxc4 27. Qxc4 cxb5 28. Qxc7 Bxc7 29. Ke2 Re7 30. Kd3 b4 31. Rg1 Kf8 32. e4 Ke8 33. Rc1 Rd8 34. f4 Bb6 35. d5 Rc7 36. Ra1 g6 37. Bf3 Rdc8 38. Bg4 Rd8 39. h5 f5 40. gxf6 Kf7 41. hxg6+ Kxg6 42. Rh1 Ba7 43. Bf5+ Kxf6 44. Rh6+ 1-0

[Event "Ruhrgebiet Regionalliga 0708"]
[Site "Germany"]
[Date "2008.02.24"]
[Round "6.7"]
[White "Loyen, Egbert"]
[Black "Homs, Guust"]
[Result "1/2-1/2"]
[WhiteElo "2072"]
[BlackElo "2069"]
[PlyCount "56"]
[EventDate "2007.09.16"]
[EventType "team"]
[EventRounds "9"]
[EventCountry "GER"]
[SourceTitle "EXT 2009"]
[Source "ChessBase"]
[SourceDate "2008.11.26"]
[SourceVersion "1"]
[SourceVersionDate "2008.11.26"]
[SourceQuality "1"]
[WhiteTeam "Essen Borbeck"]
[BlackTeam "Erkenschwick"]
[WhiteTeamCountry "GER"]
[BlackTeamCountry "GER"]

1. Nf3 d5 2. c4 e6 3. cxd5 exd5 4. d4 Nf6 5. Nc3 c6 6. Bg5 Be7 7. Qc2 h6 8. Bf4 Nbd7 9. h3 0-0 10. e3 b6 11. Bd3 Bb7 12. g4 c5 13. g5 hxg5 14. Bxg5 Ne4 15. h4 Rc8 16. Rc1 Re8 17. Bb5 a6 18. Be2 Nf8 19. Bxe7 Qxe7 20. Rd1 Ne6 21. Rh2 b5 22. Qb1 cxd4 23. Nxe4 dxe4 24. Nxd4 Nxd4 25. Rxd4 Rc5 26. b4 Rc3 27. Qb2 Rec8 28. Bd1 R8c7 1/2-1/2

[Event "Ruhrhalbinsel op"]
[Site "Essen"]
[Date "2006.05.28"]
[Round "7"]
[White "Loyen, Egbert"]
[Black "Dunst, Wilhelm"]
[Result "1-0"]
[WhiteElo "2101"]
[BlackElo "1824"]
[PlyCount "69"]
[EventDate "2006.05.24"]
[EventType "swiss"]
[EventRounds "7"]
[EventCountry "GER"]
[SourceTitle "EXT 2007"]
[Source "ChessBase"]
[SourceDate "2006.11.23"]
[SourceVersion "1"]
[SourceVersionDate "2006.11.23"]
[SourceQuality "1"]

1. d4 Nf6 2. Nf3 d6 3. Nc3 Bf5 4. Nh4 Bg6 5. Nxg6 hxg6 6. e4 Nbd7 7. Be3 e5 8. f3 Be7 9. Qd2 c6 10. Bc4 Nh5 11. 0-0-0 Qc7 12. g4 Nhf6 13. h4 exd4 14. Bxd4 Ne5 15. Be2 a6 16. Rdg1 0-0-0 17. f4 Ned7 18. g5 Nh5 19. Bxh5 Rxh5 20. Bxg7 Nb6 21. Bd4 c5 22. Bf2 Rhh8 23. Rd1 Rhe8 24. h5 gxh5 25. Rxh5 Bf8 26. Rh7 Rd7 27. f5 Qd8 28. Bh4 Qc7 29. Bg3 Qd8 30. Bf4 Nc4 31. Qd5 Nb6 32. Qd3 Kc7 33. Kb1 Ree7 34. a4 Kc8 35. a5 1-0

[Event "NRW Class1 0405"]
[Site "Germany"]
[Date "2005.04.03"]
[Round "8.4"]
[White "Loyen, Egbert"]
[Black "Kartsev, Soel"]
[Result "1-0"]
[WhiteElo "2039"]
[BlackElo "2242"]
[PlyCount "81"]
[EventDate "2004.10.10"]
[EventType "team"]
[EventRounds "9"]
[EventCountry "GER"]
[SourceTitle "EXT 2006"]
[Source "ChessBase"]
[SourceDate "2005.11.24"]
[SourceVersion "1"]
[SourceVersionDate "2005.11.24"]
[SourceQuality "1"]
[WhiteTeam "Essen Borbeck"]
[BlackTeam "Brackel"]
[WhiteTeamCountry "GER"]
[BlackTeamCountry "GER"]

1. d4 f5 2. Nf3 Nf6 3. g3 g6 4. b4 Bg7 5. Bb2 0-0 6. Nbd2 d6 7. Bg2 f4 8. c4 c5 9. dxc5 dxc5 10. b5 Nbd7 11. 0-0 Qc7 12. Ng5 Ne5 13. gxf4 Neg4 14. e3 e5 15. h3 exf4 16. hxg4 fxe3 17. fxe3 Bxg4 18. Qe1 h6 19. Ngf3 Rae8 20. Qh4 g5 21. Qh2 Qd7 22. Rad1 Qd3 23. Qg3 Qxe3+ 24. Kh1 Bh5 25. Rde1 Qd3 26. Rxe8 Rxe8 27. Bxf6 Bxf6 28. Qh3 Bxf3 29. Qxf3 Qxf3 30. Bxf3 Re7 31. Bxb7 Kg7 32. Bd5 g4 33. Ne4 Bd4 34. a4 h5 35. a5 h4 36. Rf4 Kg6 37. b6 axb6 38. axb6 Kh5 39. b7 Be5 40. Rf5+ Kg6 41. Rxe5 1-0